| 000 | 00413nam a2200145Ia 4500 | ||
|---|---|---|---|
| 008 | 230917s9999||||xx |||||||||||||| ||und|| | ||
| 040 |
_e166652 _aMAIN |
||
| 041 | _aEnglish | ||
| 082 | _a891.431721 VI739K | ||
| 100 | _aविनय | ||
| 245 | 0 | _aकई अन्तराल | |
| 260 |
_aदिल्ली _bभारती भाषा प्रकाशन _c1980 |
||
| 300 | _a80 पृ. p. | ||
| 942 | _cHN | ||
| 999 |
_c214282 _d214282 |
||